Vestník Krajského úradu v Nitre

Bibliographic Details
Previous Title:Vestník Okresného úradu v Nitre
Format: Serial
Language:Slovak
PhysicalDescription:7 zv. 30 cm
Published: Nitra Krajský úrad Nitra 1997-[2003]
Subjects:

MARC

LEADER 00000cas a2200000 a 4500
001 vtls012053558
003 SK-MaSNL
005 20260228155924.0
008 210511d19972003xo mr 0 0slo
040 |a SNK  |b slo  |c SNK  |e AACR2 
041 0 |a slo 
043 |a e-xo--- 
044 |a xo  |c SK 
072 7 |a 352/354  |x Stupne miestnej, oblastnej a ústrednej správy  |2 konspekt 
080 |a 353.2  |2 2011 
080 |a 908  |2 2011 
080 |a 050  |2 2011 
080 |a (437.6)  |2 2011 
080 |a (055)  |2 2011 
245 0 0 |a Vestník Krajského úradu v Nitre 
246 1 3 |a Krajský vestník Krajského úradu v Nitre 
260 |a Nitra  |b Krajský úrad Nitra  |c 1997-[2003] 
300 |a 7 zv.  |c 30 cm 
310 |a 1x mesačne 
362 0 |a 1 (1997)-[2003] 
500 |a Popis podľa: roč. II, čiastka 1-2/1998 
516 |a Niektoré čiastky vychádzajú ako dvojčíslo 
610 1 7 |a Nitrianský kraj (Slovensko).  |b Krajský úrad  |2 SNKKA  |9 188096 
650 0 7 |a krajské úrady  |2 SNKPH  |9 29933 
655 7 |a vestníky  |2 SNKPH  |9 70701 
780 0 0 |t Vestník Okresného úradu v Nitre 
910 |a snk 
999 |c 894  |d 894 
952 |0 0  |1 0  |4 0  |7 0  |8 0  |a SNK  |b SNK  |d 2021-05-11  |i snk2021/4177  |l 0  |o snkČSB 7626/5/2001  |p 17A1432543  |r 2026-02-21 19:52:52  |t č. 1-2  |w 2026-02-21  |y PREZ 
952 |0 0  |1 0  |4 0  |7 0  |8 0  |a SNK  |b SNK  |d 2021-05-11  |i snk2021/4212  |l 0  |o snkČSB 7626/6/2002  |p 17A1432533  |r 2026-02-21 19:52:54  |t č. 1  |w 2026-02-21  |y PREZ 
952 |0 0  |1 0  |4 0  |7 0  |8 0  |a SNK  |b SNK  |d 2021-05-12  |i snk2021/4321  |l 0  |o snkČSB 7626/2/1998  |p 17A1432536  |r 2026-02-21 19:52:55  |t č. 1-2  |w 2026-02-21  |y PREZ